000 00571nam a22001817a 4500
005 20251108164238.0
008 250721s1988 xx 000 0 ara d
082 1 4 _a621.31095651/عنق
100 1 _aعنقاوي، حسن
245 1 0 _aشركة الكهرباء الأردنية المساهمة المحدودة :
_bخمسون عاما من البناء (1938-1988) /
264 1 _aعمان :
_bالشركة،
_c1988.
300 _a304ص.
650 1 7 _aالشركات
650 1 7 _aالكهرباء
650 1 7 _aالأردن
942 _2ddc
_cBK
999 _c7322
_d7322